00690nam a2200181 a 4500003000200000005001700002008004100019050002800060100002700088245008500115260009300200300004600293504004100339650001900380650002500399650004300424650004100467020250307092647.0090707s19uu xx 00 eng d aPGS LB 1049b.B126 2009 aBackaert, Gem Kenneth. aStudy skills of upper school and middle school students /cGem Kenneth Backaert. aLas Piñas City, Philippines : bSouthville International School and Colleges, c2009. a20 pages : billustrations ; c28 cm.  aIncludes bibliographical references. aStudy skills.  aLearning strategies. aMiddle school studentsvStudy skills.  aHigh school studentsvStudy skills.